[Event "Olympiad Women 2024"]
[Site "Budapest HUN"]
[Date "2024.09.22"]
[Round "11.42"]
[Board "3"]
[White "Yuliana, Evi"]
[Black "Mitsuyama, Rikka"]
[Result "1-0"]
[WhiteElo "1912"]
[BlackElo "1738"]
[PlyCount "91"]
[EventDate "2024.09.11"]
[WhiteTeam "Indonesia"]
[BlackTeam "Japan"]
[WhiteTeamCountry "INA"]
[BlackTeamCountry "JPN"]

1. d4 {Nagesh,Havanur} d5 2. c4 e6 3. Nf3 Nf6 4. Nc3 Be7 5. Bg5 O-O 6. e3 h6 7. Bh4 b6 8. cxd5 Nxd5 9. Bxe7 Qxe7 10. Nxd5 exd5 11. Qb3 Be6 12. Rc1 c5 13. Qa3 Rc8 14. Bb5 ({RR} 14. Be2) 14... Qb7 ({RR} 14... a6 15. dxc5 bxc5 16. O-O Ra7 17. Be2) 15. b3 $146 ({RR} 15. dxc5 bxc5 16. Rxc5 Rxc5 17. Qxc5 Na6 18. Bxa6 ({RR} 18. Qc6 Qxc6 19. Bxc6 Rb8 20. b3 ({RR} 20. O-O Rxb2) 20... Rc8) 18... Qxa6 19. Qa3 Qc4 20. Kd2 ({RR} 20. Qc3 Rb8 ({RR} 20... Qxa2 21. O-O) 21. Qxc4 dxc4 22. b3 cxb3 23. axb3 Rxb3 24. O-O Rb2) 20... Qg4 21. Rg1 d4 22. Nxd4 ({RR} 22. exd4 Rb8) 22... Qh4 23. Re1 Qxf2+ 24. Re2 Qf1 25. Nxe6 fxe6 26. Qd6 Kh8 27. e4 Rc8 28. Ke3 Rf8 29. Rd2 ({RR} 29. Kd2 e5) 29... e5 {0-1 Timman,J-Geller,E AVRO Hilversum 1973 (9)}) ({RR} 15. dxc5) ({RR} 15. O-O c4 16. Qd6 a6 17. Ba4 b5 18. Bc2 Nd7 19. Ne5 Nf6 20. f4 a5 21. f5 Ra6 22. Qxa6 Qxa6 23. fxe6 fxe6 24. Bg6 Rc7 25. g4 Kf8 26. h4 Ke7 27. g5 hxg5 28. hxg5 Nd7 29. Rf7+ Kd6 {0-1 Goncharov,V (2077)-Tang,A (2505) Titled Tue 14th May Early 2024 (2)}) ({RR} 15. dxc5 bxc5 16. Rxc5 Rxc5 17. Qxc5 Na6 18. Bxa6 Qxa6 19. Qa3 Qc4 20. Qc3 Qxa2 21. O-O Rb8 22. b4 Qa4 23. Ra1 Qxb4 24. Qxb4 Rxb4 {½-½ Szabo,L-Kavalek,L IBM Amsterdam 1973 (15)}) ({RR} 15. dxc5 bxc5 16. Rxc5 Rxc5 17. Qxc5 Na6 18. Bxa6 Qxa6 19. Qa3 Qc4 20. Kd2 Qg4 21. Rg1 d4 22. exd4 Bd5 23. h3 Qg6 24. Qc3 Rb8 25. b3 Qa6 26. Qb2 Qa5+ 27. Kd1 Rd8 28. Ne1 Be4 29. f3 Qc5 {0-1 Rodriguez Cespedes,A-De Greif,B Capablanca Memorial-11 Maestros 1974 (5)}) 15... c4 16. bxc4 a6 17. Ba4 dxc4 18. O-O b5 19. Bd1 Bd5 20. Re1 Be4 21. Ne5 f6 22. f3 Bf5 23. Ng4 Nc6 24. Qb2 Qd7 25. Nf2 Re8 26. Bc2 Bxc2 27. Qxc2 Nb4 28. Qb2 Qe7 29. a3 Nd5 30. e4 Rac8 31. Kf1 Nb6 32. Ng4 Na4 33. Qa1 h5 34. Ne3 Qd6 35. g3 c3 36. Qa2+ Kh8 37. Qf7 Qxd4 38. Rcd1 Qe5 39. Rd5 Rf8 40. Qg6 Qe8 41. Rxh5+ Kg8 42. Qh7+ Kf7 43. Nf5 Rh8 44. Qxg7+ Ke6 45. Nd4+ Kd6 46. Rd5# 1-0

[Event "Olympiad Women 2024"]
[Site "Budapest HUN"]
[Date "2024.09.22"]
[Round "11.42"]
[Board "4"]
[White "Takayasu, Melody"]
[Black "Adeline, Clementia"]
[Result "0-1"]
[WhiteElo "1768"]
[BlackElo "1550"]
[PlyCount "72"]
[EventDate "2024.09.11"]
[WhiteTeam "Japan"]
[BlackTeam "Indonesia"]
[WhiteTeamCountry "JPN"]
[BlackTeamCountry "INA"]

1. e4 c5 2. f4 d6 3. Nf3 Nc6 4. Nc3 g6 5. Bc4 Bg7 6. d3 Bd7 ({RR} 6... a6 7. O-O e6 8. f5 h6 9. fxg6 fxg6 10. a3 g5 11. Be3 Nge7 12. Nd2 Ne5 13. Qh5+ Kd7 14. Nf3 N7c6 15. Nxe5+ Nxe5 16. Bb3 Qe8 17. Qh3 Kc7 18. Ne2 Nc6 19. c3 Bd7 20. Ng3 Qg6 21. Qh5 {1-0 Solodovnichenko,Y (2564)-Kokarev,D (2550) Champions Challenge 219th blitz 2007 (1.1)}) 7. Be3 $146 ({RR} 7. O-O e6 8. f5 gxf5 9. exf5 h6 10. fxe6 fxe6 11. Qe1 Qe7 12. a4 a6 13. a5 Nf6 14. Na4 Ng4 15. Nb6 Rb8 16. c3 Nce5 17. Nxe5 Bxe5 18. Bf4 Bc6 19. Qg3 Bxf4 20. Rxf4 Ne5 21. Bb3 Kd8 {1-0 Braun,D (1788)-Moore,B (1667) Oberpfalz-ch M2 2005 (7)}) ({RR} 7. O-O Nf6 8. h3 O-O 9. g4 e5 10. f5 a6 11. a3 b5 12. Ba2 Nd4 13. g5 Nxf3+ 14. Qxf3 Nh5 15. f6 Bh8 16. Ne2 Qc8 17. Ng3 Bxh3 18. Nxh5 Bxf1 19. Qxf1 Qg4+ 20. Qg2 Qxh5 21. Bd5 Rac8 {0-1 Morata,J (1568)-Gosse,R Cappelle Online Bullet op blitz 2021 (5)}) ({RR} 7. O-O Nf6 8. Be3 O-O 9. e5 dxe5 10. fxe5 Ng4 11. Bxc5 Ngxe5 12. Nxe5 Nxe5 13. Qd2 Rc8 14. Bxa7 b6 15. Nd5 Nxc4 16. dxc4 Rc6 17. Qb4 Kh8 18. Bxb6 Qb8 19. Bc5 Qxb4 20. Bxb4 Rxc4 21. Bxe7 Re8 {1-0 Szotkowski,J-Kubosova,H Morava-ch U10 2006 (7)}) ({RR} 7. O-O Na5 8. f5 Nxc4 9. fxg6 hxg6 10. dxc4 Bg4 11. Qe1 Bxf3 12. Rxf3 Be5 13. h3 Bd4+ 14. Be3 Bxe3+ 15. Qxe3 Qd7 16. Rd1 f6 17. Nd5 Rh5 18. Nf4 Rg5 19. Rg3 Rxg3 20. Qxg3 g5 21. h4 O-O-O {1-0 Mattern,A-Buttenmueller,F Baden-ch HT3 1994 (10)}) 7... e6 8. Qd2 Nge7 9. O-O-O a6 10. g4 b5 11. Bb3 Na5 12. f5 b4 13. Na4 Nxb3+ 14. axb3 Qa5 15. fxe6 fxe6 16. Kb1 Bxa4 17. bxa4 Qxa4 18. Ng5 Rb8 19. Nxe6 Bc3 20. Qc1 b3 21. cxb3 Qxb3 22. Qc2 Qxb2+ 23. Qxb2 Rxb2+ 24. Kc1 Kd7 25. Ng5 Rhb8 26. d4 cxd4 27. Bxd4 Bxd4 28. Rxd4 Rb1+ 29. Kc2 Rxh1 30. e5 Rxh2+ 31. Kd3 d5 32. e6+ Kd6 33. Kc3 Nc6 34. Ra4 Kc5 35. Rf4 d4+ 36. Kd3 Rb3+ 0-1

[Event "Olympiad Women 2024"]
[Site "Budapest HUN"]
[Date "2024.09.22"]
[Round "11.43"]
[Board "1"]
[White "Park, Sunwoo"]
[Black "Nassr, Lina"]
[Result "0-1"]
[WhiteElo "1877"]
[BlackElo "2010"]
[PlyCount "96"]
[EventDate "2024.09.11"]
[WhiteTeam "South Korea"]
[BlackTeam "Algeria"]
[BlackTeamCountry "ALG"]

1. e4 c5 2. Nc3 e6 3. g3 Nc6 4. Bg2 g6 5. Nge2 Bg7 6. d3 Nge7 7. Be3 Nd4 8. Qd2 Nec6 9. O-O O-O 10. Nd1 d6 11. Nxd4 ({RR} 11. c3 Nxe2+ 12. Qxe2 Rb8 13. Qd2 Re8 14. f4 Qc7 15. g4 f5 16. g5 e5 17. h3 b5 18. a3 a5 19. Rc1 exf4 20. Bxf4 Ne5 21. Ne3 fxe4 22. dxe4 c4 23. Bxe5 dxe5 24. Nd5 Qc5+ 25. Kh1 Rd8 {½-½ Mankovich,Y (1535)-Kucher,A (1670) 32nd EY Open U8 2024 (2.10)}) 11... cxd4 12. Bh6 e5 $146 ({RR} 12... Bxh6 13. Qxh6 Bd7 14. f4 Nb4 15. g4 Nxc2 16. f5 Qf6 17. Rc1 Rac8 18. Qd2 Ne3 19. Rxc8 Rxc8 20. Nxe3 dxe3 21. Qxe3 Qxb2 22. f6 Qb6 23. d4 Kh8 24. Kh1 e5 25. Qh6 Rg8 26. dxe5 dxe5 27. g5 {0-1 Lyell,M (2224)-Lapenna,A (2150) Budapest FS08 IM-A 2011 (3)}) 13. c3 Be6 14. cxd4 Nxd4 15. Be3 Rc8 16. Nc3 Qa5 17. Rfb1 Qb4 18. Qd1 a6 19. Bd2 Qb6 20. b3 f5 21. exf5 Nxf5 22. Bd5 Bxd5 23. Nxd5 Qc5 24. Ne3 Nd4 25. Rc1 Qb5 26. Rxc8 Rxc8 27. Qg4 Rf8 28. Nc4 Qd5 29. Qe4 Qxe4 30. dxe4 Nf3+ 31. Kg2 b5 32. Bb4 bxc4 33. bxc4 Ng5 34. Re1 Rc8 35. Bxd6 Rxc4 36. Rb1 Nxe4 37. Rb8+ Kf7 38. Rb7+ Ke6 39. Bb4 Bf6 40. Rb6+ Kf7 41. a3 Rc2 42. Kf3 Nxf2 43. h4 Nd3 44. Rb7+ Ke8 45. Ba5 h5 46. Rb6 Kf7 47. Ke4 Nc5+ 48. Kd5 Bd8 0-1

[Event "Olympiad Women 2024"]
[Site "Budapest HUN"]
[Date "2024.09.22"]
[Round "11.43"]
[Board "2"]
[White "Latreche, Sabrina"]
[Black "Kang, Sohyun"]
[Result "1-0"]
[WhiteElo "2030"]
[BlackElo "1726"]
[PlyCount "113"]
[EventDate "2024.09.11"]
[WhiteTeam "Algeria"]
[BlackTeam "South Korea"]
[WhiteTeamCountry "ALG"]

1. d4 d5 2. Bf4 e6 3. e3 Bd6 4. Qg4 ({RR} 4. Bxd6 cxd6 5. Nd2 f5 6. Ngf3 Nf6 7. c4 Nc6 8. cxd5 Nxd5 9. Bc4 Nf6 10. O-O a6 11. Qb3 d5 12. Bd3 O-O 13. Ne5 Qd6 14. Ndf3 Bd7 15. Rac1 Na5 16. Qc3 Nc6 17. Qc5 Qxc5 18. Rxc5 Rfc8 {½-½ Bogosavljevic,B (2470)-Galkin,A (2590) Champions Challenge 189th blitz 2007 (3.2)}) 4... Kf8 5. Qf3 ({RR} 5. Qg3 Nf6 6. Nc3 a6 7. Bd3 b5 8. a3 Nh5 9. Bxd6+ cxd6 10. Qf3 g6 11. g4 Nf6 12. g5 Nh5 13. h4 Kg7 14. Nge2 Nc6 15. Ng3 Nxg3 16. Qxg3 h5 17. O-O b4 18. axb4 Nxb4 19. e4 Nxd3 {1-0 Hambleton,A (2420)-Brunner,N (2424) Titled Tue 23rd Jul Early 2024 (6)}) 5... b6 $146 ({RR} 5... Nc6 6. Nc3 a6 7. Bd3 Nf6 8. Nge2 e5 9. dxe5 Nxe5 10. Bxe5 Bxe5 11. Bf5 Bxf5 12. Qxf5 Qe7 13. O-O c6 14. g3 Re8 15. Qd3 h5 16. Kg2 h4 17. Rae1 Qd7 18. Rh1 h3+ 19. Kf1 Qg4 20. Ng1 {1-0 Gajic,M (2253)-Kostic,V (2367) SRB-chT 1st League 2015 (4.6)}) 6. Nc3 c6 7. h4 Ba6 8. Bxa6 Nxa6 9. Nh3 h6 10. O-O-O b5 11. Bxd6+ Qxd6 12. Nf4 Ke7 13. e4 b4 14. e5 Qc7 15. Na4 Rc8 16. Nd3 Ke8 17. Nac5 Nxc5 18. Nxc5 h5 19. g4 Nh6 20. g5 Nf5 21. g6 Rh6 22. gxf7+ Qxf7 23. Qd3 Qe7 24. Qa6 Rc7 25. Qa5 b3 26. axb3 Rg6 27. Rdg1 Rh6 28. c3 Rc8 29. Qa6 Rc7 30. Rh3 Nxh4 31. Rhg3 Nf5 32. Rg6 Kf7 33. Rxh6 Nxh6 34. Qe2 Qh4 35. Rxg7+ Kxg7 36. Nxe6+ Kh7 37. Nxc7 Qg5+ 38. Kb1 h4 39. e6 Ng8 40. Qf3 Qh6 41. Qh3 Ne7 42. Ka2 Qf4 43. Ne8 Ng6 44. e7 Nxe7 45. Qe6 Qf8 46. Nf6+ Kh8 47. Qe5 Ng6 48. Qg5 Kg7 49. Nh5+ Kh7 50. f4 Qc8 51. Kb1 Qa6 52. c4 Qa5 53. Nf6+ Kg7 54. Ne8+ Kf7 55. Qf6+ Kxe8 56. Qxg6+ Kd7 57. Qh7+ 1-0

[Event "Olympiad Women 2024"]
[Site "Budapest HUN"]
[Date "2024.09.22"]
[Round "11.43"]
[Board "3"]
[White "Cho, Yeonhee"]
[Black "Abdi, Zineb Dina"]
[Result "1/2-1/2"]
[WhiteElo "1696"]
[BlackElo "1915"]
[PlyCount "71"]
[EventDate "2024.09.11"]
[WhiteTeam "South Korea"]
[BlackTeam "Algeria"]
[BlackTeamCountry "ALG"]

1. e4 e5 2. Nf3 d6 3. d4 Nd7 4. Bc4 c6 5. O-O Be7 6. dxe5 dxe5 7. Ng5 Bxg5 8. Qh5 g6 9. Qxg5 Qxg5 10. Bxg5 Ngf6 11. f3 h6 12. Be3 Nf8 13. Nd2 b5 $146 ({RR} 13... b6 14. Rfd1 Ke7 15. a4 Ne6 16. Bf1 Ne8 17. Nc4 f6 18. Rd2 c5 19. Rad1 Nd4 20. c3 Nc6 21. a5 b5 22. Bxc5+ Ke6 23. Nd6 {1-0 Galdunts,S (2486)-Sieker,R (1892) Boeblingen op 19th 2002 (1)}) 14. Bb3 Be6 15. c4 N6d7 16. cxb5 cxb5 17. Rac1 Bxb3 18. Nxb3 Ne6 19. Rc6 a5 20. Rd1 a4 21. Nc1 Ke7 22. Nd3 Rac8 23. Rdc1 Rxc6 24. Rxc6 g5 25. Nc5 Ndxc5 26. Bxc5+ Kd7 27. Rd6+ Kc7 28. Bb4 Rd8 29. Rxd8 Kxd8 30. g3 Kd7 31. Kf2 f6 32. Ke3 Nd4 33. Bc3 Ne6 34. Bb4 Nd4 35. Bc3 Ne6 36. Bb4 1/2-1/2

[Event "Olympiad Women 2024"]
[Site "Budapest HUN"]
[Date "2024.09.22"]
[Round "11.43"]
[Board "4"]
[White "Nassr, Rania"]
[Black "Kim, Sarang"]
[Result "1/2-1/2"]
[WhiteElo "1866"]
[BlackElo "1732"]
[PlyCount "94"]
[EventDate "2024.09.11"]
[WhiteTeam "Algeria"]
[BlackTeam "South Korea"]
[WhiteTeamCountry "ALG"]

1. d4 d5 2. c4 c6 3. Nf3 e6 4. g3 Nf6 5. Bg2 Bd6 6. O-O O-O 7. Nc3 Nbd7 8. Nd2 Bb4 9. e4 Bxc3 10. bxc3 dxe4 11. Nxe4 Nxe4 12. Bxe4 Nf6 13. Bg2 Qa5 ({RR} 13... Re8 14. Re1 e5 15. d5 cxd5 16. cxd5 Qd6 17. a4 Bg4 18. Qb3 e4 19. Bf4 Qxd5 20. Qxd5 Nxd5 21. Bxe4 Nxc3 22. Bxb7 Ne2+ 23. Kg2 Nxf4+ 24. gxf4 Rab8 25. a5 Kf8 26. a6 Rxe1 27. Rxe1 Re8 28. Rc1 {½-½ Khamzin,O (2272)-Rajmohan,V (2062) Titled Tue 30th Jul Late 2024 (4)}) 14. Qb3 Qh5 $146 ({RR} 14... Rd8 15. Bf4 Ng4 16. h3 Nf6 17. Rfd1 Nh5 18. Be3 Qc7 19. Rd2 b6 20. d5 exd5 21. cxd5 Bb7 22. g4 Nf6 23. d6 {½-½ Herrmann,L (1554)-Laubrock,P (1843) GER-chT U14 Regensburg 2014 (1.1)}) ({RR} 14... Bd7 15. Re1 Qb6 16. Qc2 Rfc8 17. Rb1 Qa6 18. Bf1 b5 19. c5 Nd5 20. c4 bxc4 21. Bxc4 Qa5 22. Bd2 Qd8 23. Qe4 Qf6 24. Rb7 Be8 25. Bd3 Qg6 26. Qf3 Qf6 27. Qh5 g6 28. Qg4 h5 29. Qe4 {1-0 Dantas,N (2019)-De Freitas,R (1778) Rio Branco Acre op 3rd 2018 (6)}) ({RR} 14... Qf5 15. Re1 Nd7 16. a4 e5 17. a5 a6 18. h3 Re8 19. Ra2 e4 20. g4 Qg6 21. Rae2 Nf8 22. Bxe4 f5 23. Bd3 Rxe2 24. Rxe2 Qf7 25. g5 Qh5 26. c5+ Kh8 27. Bf4 Be6 28. Rxe6 Nxe6 29. Qxe6 {1-0 Li,D (2488)-Moya de la Flor,D (1957) Seville op 44th 2019 (2)}) 15. Re1 Ng4 16. h3 Nh6 17. Re5 f5 18. f4 Nf7 19. Re1 Qg6 20. Kh2 h5 21. Ba3 Re8 22. Qd1 Qh6 23. h4 Qg6 24. Bf3 Qf6 25. Bxh5 g6 26. Bf3 Kg7 27. Kg2 Bd7 28. Rb1 b6 29. Qa4 Rec8 30. c5 Nh6 31. Qd1 Rg8 32. c4 Kf7 33. d5 Rad8 34. Qc2 Ng4 35. dxc6 Bc8 36. cxb6 axb6 37. Bxg4 fxg4 38. Qb2 Qf5 39. Re2 Qd3 40. Rf2 Qe3 41. Qc1 Qe4+ 42. Kh2 Rd3 43. Rb3 Rgd8 44. Rxd3 Rxd3 45. Bb2 Qxc6 46. f5 exf5 47. Qh6 Qe6 1/2-1/2

[Event "Olympiad Women 2024"]
[Site "Budapest HUN"]
[Date "2024.09.22"]
[Round "11.44"]
[Board "1"]
[White "Ptacnikova, Lenka"]
[Black "Sawan, Eman"]
[Result "1/2-1/2"]
[WhiteElo "2065"]
[BlackElo "1972"]
[PlyCount "105"]
[EventDate "2024.09.11"]
[WhiteTeam "Iceland"]
[BlackTeam "Palestine"]
[WhiteTeamCountry "ISL"]
[BlackTeamCountry "PLE"]

1. d4 Nf6 2. Nc3 g6 3. Bf4 d5 4. e3 Bg7 5. Nf3 O-O 6. Be2 c6 7. Ne5 Nbd7 8. Qd2 Nxe5 9. Bxe5 Ne4 10. Nxe4 Bxe5 11. dxe5 dxe4 12. O-O-O Qc7 13. Qc3 $146 ({RR} 13. Qd4 Bf5 14. Qc3 Be6 15. Rd2 a5 16. a4 Rad8 17. Rhd1 Rxd2 18. Rxd2 Rd8 19. Rxd8+ Qxd8 20. Qd4 Qxd4 21. exd4 f6 22. Kd2 fxe5 23. dxe5 c5 24. Ke3 Bd5 25. Bb5 b6 26. g3 g5 27. Bd7 e6 {½-½ Holub,M-Kourek,J (2320) CZE-chT1b 9697 1996}) 13... c5 14. Bc4 Rb8 15. Rd5 Be6 16. Rd2 Bxc4 17. Qxc4 Qxe5 18. Rd5 Qf6 19. Qxe4 Qxf2 20. Rhd1 e6 21. Rd7 b5 22. Qf3 Qxf3 23. gxf3 a5 24. Rc7 c4 25. Rdd7 Rbc8 26. Ra7 a4 27. Kd2 Rc5 28. Kc3 Rh5 29. Rd2 Rf5 30. f4 Re8 31. Rb7 e5 32. Rxb5 exf4 33. Rxf5 fxe3 34. Rff2 exd2 35. Rxd2 Re4 36. Rd4 Rxd4 37. Kxd4 f5 38. Kxc4 g5 39. b4 axb3 40. cxb3 Kf7 41. a4 Ke7 42. a5 Kd7 43. b4 f4 44. Kd4 f3 45. Ke3 g4 46. h3 h5 47. b5 Kc7 48. Kf2 Kb7 49. hxg4 hxg4 50. Kg3 Ka7 51. Kf2 Kb7 52. Ke3 Ka7 53. b6+ 1/2-1/2

[Event "Olympiad Women 2024"]
[Site "Budapest HUN"]
[Date "2024.09.22"]
[Round "11.44"]
[Board "2"]
[White "Hamouri, Taqwa"]
[Black "Johannsdottir, Johanna Bjorg"]
[Result "0-1"]
[WhiteElo "1845"]
[BlackElo "2013"]
[PlyCount "104"]
[EventDate "2024.09.11"]
[WhiteTeam "Palestine"]
[BlackTeam "Iceland"]
[WhiteTeamCountry "PLE"]
[BlackTeamCountry "ISL"]

1. e4 g6 2. d4 Bg7 3. Nc3 d6 4. Bg5 a6 5. f4 Nd7 ({RR} 5... b5 6. Nf3 Bb7 7. Bd3 Nd7 8. e5 c5 9. Be4 Bxe4 10. Nxe4 Qa5+ 11. c3 cxd4 12. Qxd4 dxe5 13. Qd5 Rd8 14. O-O-O Ngf6 15. Bxf6 Bxf6 16. Qc6 b4 17. fxe5 Bxe5 18. Nxe5 Qxe5 19. Nd6+ exd6 20. Rhe1 {½-½ Swiercz,D (2585)-Bacrot,E (2705) Bundesliga 1112 2011 (13.5)}) 6. Nf3 c5 7. d5 ({RR} 7. a4 cxd4 8. Nxd4 Ngf6 9. a5 O-O 10. Bc4 Qc7 11. Qe2 b5 12. Bd5 Rb8 13. Nc6 e6 14. Nxb8 exd5 15. Nxd7 Qxd7 16. Bxf6 Bxf6 17. Nxd5 Bg7 18. c3 Bb7 19. O-O f5 20. Nb6 Qe6 21. e5 dxe5 {0-1 Taichman,O (2269)-Sjugirov,S (2696) Titled Tuesday intern op 31st May Late blitz 2022 (6)}) 7... b5 $146 ({RR} 7... Qa5 8. Qd2 Qb4 9. O-O-O b5 10. g3 Bb7 11. Bh3 Nb6 12. a3 Qa5 13. e5 b4 14. Ne4 Bxd5 15. Rhe1 Bxe4 16. Rxe4 d5 17. Ree1 e6 18. Bf1 Qa4 19. Qe3 bxa3 20. Qxa3 Qxa3 21. bxa3 c4 22. c3 {0-1 Kovacs,R-Balla,T (2348) HUN-chT2 Toth 0506 2005 (3)}) 8. a3 Qa5 9. Be2 Bxc3+ 10. bxc3 Qxc3+ 11. Nd2 Qe3 12. Rf1 Ngf6 13. Bh4 Nxe4 14. Nxe4 Qxe4 15. Qd3 Qxd3 16. Bxd3 c4 17. Be4 Nc5 18. Bf3 O-O 19. Kd2 Ra7 20. Rfe1 f6 21. Re2 Kf7 22. Bf2 Rc7 23. Rae1 Re8 24. g4 a5 25. Rb1 Ba6 26. Bd4 Na4 27. c3 Nc5 28. Kc2 Rb8 29. f5 Bc8 30. fxg6+ hxg6 31. h3 Nd3 32. Be4 Nf4 33. Rh2 Bd7 34. Be3 e5 35. Bd2 Rh8 36. Bxf4 exf4 37. Bf3 g5 38. Kd2 Rc5 39. Rbh1 f5 40. gxf5 Bxf5 41. Rg1 Kf6 42. Rgh1 Re8 43. Re2 Rxe2+ 44. Kxe2 b4 45. axb4 axb4 46. cxb4 Rb5 47. Rc1 Rxb4 48. Rc3 Bxh3 49. Be4 g4 50. Kf2 Ke5 51. Bh1 Rb2+ 52. Kg1 g3 0-1

[Event "Olympiad Women 2024"]
[Site "Budapest HUN"]
[Date "2024.09.22"]
[Round "11.44"]
[Board "3"]
[White "Thorsteinsdottir, Hallgerdur"]
[Black "Faqeeh, Yara"]
[Result "1-0"]
[WhiteElo "1938"]
[BlackElo "1671"]
[PlyCount "117"]
[EventDate "2024.09.11"]
[WhiteTeam "Iceland"]
[BlackTeam "Palestine"]
[WhiteTeamCountry "ISL"]
[BlackTeamCountry "PLE"]

1. e4 e6 2. d4 d5 3. Nd2 dxe4 4. Nxe4 Nd7 5. Nf3 Be7 6. Bd3 b6 7. O-O ({RR} 7. Qe2 Bb7 8. Bf4 Ngf6 9. Nxf6+ Nxf6 10. O-O O-O 11. Rad1 Qc8 12. Ne5 c5 13. dxc5 Qxc5 14. c3 Rad8 15. Rfe1 Qc8 16. Qe3 Nh5 17. Qh3 g6 18. Bh6 Rfe8 19. Qg4 Bf8 20. Be3 Bg7 21. Bd4 Qc7 {1-0 Del Rio de Angelis,S (2502)-Kekki,P (2362) Gibraltar Masters 2005 (4)}) ({RR} 7. Ne5 Nxe5 8. dxe5 Qd5 9. Bf4 Bb7 10. O-O O-O-O 11. Qg4 f5 12. Qxg7 fxe4 13. Be2 e3 14. f3 Qd2 15. Rae1 Bh4 16. Bg3 Ne7 17. Bxh4 Nf5 18. Qf6 Nd4 19. Bc4 e2 20. Bxe2 Nxe2+ 21. Kh1 Nf4 {0-1 Indriunas,M (2253)-Cukrowski,F (2386) Suwalki Warakomska Memorial 6th 2022 (8)}) 7... Bb7 8. c3 h6 $146 ({RR} 8... Ngf6 9. Ng3 O-O 10. Bg5 c5 11. Qe2 Qc7 12. Bxf6 Nxf6 13. dxc5 Bxc5 14. Rac1 Rad8 15. Bb1 Qf4 16. Qe5 Bd6 17. Qxf4 Bxf4 18. Rcd1 Bxf3 19. gxf3 Nd7 20. Ne2 Be5 21. Rd2 Nc5 22. Rfd1 Rxd2 23. Rxd2 {½-½ Winnicki,A (2069)-Weigel,H (1996) Hamburg Junge op 2005 (8)}) ({RR} 8... Ngf6 9. Nxf6+ Bxf6 10. Bf4 O-O 11. Rc1 c5 12. Bd6 Be7 13. Bxe7 Qxe7 14. Bb1 Nf6 15. Re1 Rad8 16. Ne5 Nd5 17. Re4 f5 18. Re1 Nf4 19. Nf3 g5 20. g3 Nh3+ 21. Kf1 g4 22. Nh4 Qf6 23. Re5 {0-1 Michailidis,D (2005)-Petousis,K (1845) Ambelokipi op 70th 2006 (4)}) ({RR} 8... Ngf6 9. Nxf6+ Nxf6 10. Qa4+ Qd7 11. Bb5 c6 12. Bd3 Bd6 13. Bg5 Nd5 14. Rad1 h6 15. Bc1 O-O 16. Bb1 Qc7 17. Rfe1 c5 18. Qc2 Nf6 19. Ne5 Rfe8 20. Qd3 cxd4 21. cxd4 Rad8 22. Bf4 Ba8 23. Re3 {1-0 Eremkere,M (1759)-Daghan,D (1848) Manavgat Turkey Cup 2015 (2)}) 9. Bf4 Ngf6 10. Nxf6+ Nxf6 11. Qa4+ c6 12. Rad1 O-O 13. Bb1 Qc8 14. Qc2 c5 15. Qd2 Be4 16. Bxe4 Nxe4 17. Qe3 Nf6 18. d5 Re8 19. dxe6 Qxe6 20. Qxe6 fxe6 21. Rfe1 Bf8 22. Rd2 g5 23. Be5 Bg7 24. Rde2 Kf7 25. Nd2 Rad8 26. Nc4 Bf8 27. f4 g4 28. Ne3 h5 29. c4 Bh6 30. g3 Nd7 31. Bc3 Bg7 32. Bxg7 Kxg7 33. Nd1 Kf6 34. Nc3 Nf8 35. Re5 Kg6 36. f5+ Kf6 37. Nd5+ Kf7 38. Nc7 Re7 39. fxe6+ Kg6 40. Nd5 Rde8 41. Nxe7+ Rxe7 42. Rf1 Rxe6 43. Rxe6+ Nxe6 44. Kg2 a6 45. b3 b5 46. cxb5 axb5 47. a4 bxa4 48. bxa4 Nc7 49. a5 Na6 50. Rf4 Nb4 51. Kf1 Na6 52. Ke2 Nc7 53. Kd3 Na6 54. Kc4 Kg5 55. Kb5 Nc7+ 56. Kc6 Na6 57. Kb7 Nb4 58. a6 Nxa6 59. Kxa6 1-0

[Event "Olympiad Women 2024"]
[Site "Budapest HUN"]
[Date "2024.09.22"]
[Round "11.44"]
[Board "4"]
[White "Natsheh, Wajd"]
[Black "Helgadottir, Idunn"]
[Result "0-1"]
[WhiteElo "1739"]
[BlackElo "1837"]
[PlyCount "98"]
[EventDate "2024.09.11"]
[WhiteTeam "Palestine"]
[BlackTeam "Iceland"]
[WhiteTeamCountry "PLE"]
[BlackTeamCountry "ISL"]

1. d4 Nf6 2. Bg5 e6 3. Nc3 Be7 4. Nf3 d5 5. Bxf6 Bxf6 6. e4 O-O 7. Bd3 c5 8. e5 Be7 9. dxc5 Bxc5 ({RR} 9... Nc6 10. a3 f6 11. exf6 Bxf6 12. Qd2 b6 13. cxb6 Qxb6 14. Rb1 Bxc3 15. Qxc3 e5 16. O-O e4 17. Bxe4 dxe4 18. Qc4+ Kh8 19. Ng5 {½-½ Pacher,S (2001)-Jandke,M (2057) 33rd Feffernitz Open 2024 (5.9)}) 10. h4 h6 11. Ng5 $146 ({RR} 11. Na4 Be7 12. g4 Qa5+ 13. Nc3 d4 14. Nxd4 Qxe5+ 15. Nde2 Nc6 16. Rh3 Qa5 17. f4 f5 18. g5 h5 19. Ng3 Bb4 20. g6 Re8 21. Qxh5 Bxc3+ 22. Kf1 Bd7 23. bxc3 Qxc3 24. Re1 Ne7 25. Qh7+ Kf8 {0-1 Albin,A-Zinkl,A Berliner SG 70th Anniversary 1897 (4)}) ({RR} 11. Qd2 Nc6 12. g4 b5 13. g5 h5 14. g6 f6 15. Qe2 fxe5 16. Ng5 Rxf2 17. Qxh5 Qf6 18. O-O-O b4 19. Nce4 dxe4 20. Nxe4 Qf4+ 21. Kb1 Qh6 22. Qxh6 gxh6 23. Nxc5 Kg7 24. Be4 {1-0 Martirosyan,H (2622)-Tabatabaei,M (2629) PNWCC Bullet (1+1) op blitz 2020}) ({RR} 11. Qe2 d4 12. Ne4 Nd7 13. g4 Qb6 14. g5 Qxb2 15. Rd1 h5 16. g6 fxg6 17. Neg5 Rxf3 18. Nxf3 Nf8 19. Rg1 Bd7 20. Nd2 Bb4 21. Rb1 Qxb1+ {0-1 Stopka,T (1763)-Aulich,M (1656) NRW-ch U16 Wolfsburg 2004 (6)}) ({RR} 11. Qd2 Nc6 12. a3 f6 13. exf6 Qxf6 14. O-O-O Bd7 15. Rdf1 a6 16. Nh2 b5 17. Ng4 Qf4 18. Qxf4 Rxf4 19. f3 h5 20. Nf2 Ne5 21. Kd2 Nc4+ 22. Bxc4 bxc4 23. b4 Bb6 24. Ne2 Rf6 25. Nc3 a5 {0-1 Ghosh,S (1904)-Jyothsna,L (1964) IND-ch U17 Girls 2018 (8)}) 11... f5 12. Qh5 Qe8 13. Qxe8 Rxe8 14. Nh3 Nc6 15. Nb5 Re7 16. f4 Nb4 17. Kd2 Nxd3 18. cxd3 a6 19. Nc3 b5 20. Ne2 d4 21. a3 Bb7 22. Rhg1 Rc7 23. h5 Rac8 24. g4 fxg4 25. Rxg4 Bxa3 26. Rxa3 Bf3 27. Rxg7+ Rxg7 28. Nxd4 Rg2+ 29. Ke3 Bd5 30. Nf2 Rg3+ 31. Ke2 Rf8 32. f5 exf5 33. Rxa6 f4 34. Rxh6 Re3+ 35. Kd2 Rxe5 36. Rg6+ Kh7 37. Rd6 Rxh5 38. Ng4 Kg7 39. b4 Rg5 40. Rxd5 Rxd5 41. Ne6+ Kf7 42. Nxf8 Kxf8 43. Nf2 Ke7 44. Ne4 Ke6 45. Ke2 Rd4 46. Kf3 Ke5 47. Nf2 Rxb4 48. Ng4+ Kd4 49. Nf2 Kc3 0-1

[Event "Olympiad Women 2024"]
[Site "Budapest HUN"]
[Date "2024.09.22"]
[Round "11.45"]
[Board "1"]
[White "Lopez L., Dairyn D."]
[Black "Paulo, Jemima"]
[Result "0-1"]
[WhiteElo "1740"]
[BlackElo "2037"]
[PlyCount "78"]
[EventDate "2024.09.11"]
[WhiteTeam "Guatemala"]
[BlackTeam "Angola"]
[WhiteTeamCountry "GUA"]
[BlackTeamCountry "ANG"]

1. d4 Nf6 2. Bf4 g6 3. Nc3 Bg7 4. e4 d6 5. f3 ({RR} 5. Be2 c6 6. Qd2 b5 7. a3 Qc7 8. e5 dxe5 9. dxe5 Nfd7 10. e6 Ne5 11. exf7+ Kxf7 12. O-O-O Rf8 13. Nf3 Nxf3 14. Bxf3 Qa5 15. Bh6 Bxc3 16. Qxc3 Qxc3 17. bxc3 Re8 18. h4 a5 19. h5 Ra6 {1-0 Kryvoruchko,Y (2415)-Bondarets,V (2388) Lvov 2003 (11)}) 5... O-O 6. Qd2 Nc6 ({RR} 6... Nbd7 7. O-O-O c5 8. Nge2 Qb6 9. Na4 Qa6 10. Nec3 Qa5 11. dxc5 Nxc5 12. Nxc5 Qxc5 13. Be3 Qc7 14. Kb1 Bd7 15. g4 a6 16. h4 b5 17. h5 b4 18. Nd5 Nxd5 19. exd5 Rfb8 20. Bd4 a5 21. Bxg7 {1-0 Necula,I (1890)-Dilmukhametov,A (2276) Titled Tue 10th Jan Early 2023 (6)}) 7. O-O-O Re8 $146 ({RR} 7... h5 8. Bh6 a6 9. Bc4 b5 10. Bd5 b4 11. Bxg7 Kxg7 12. Bxc6 bxc3 13. Qxc3 Rb8 14. e5 Nd7 15. exd6 cxd6 16. h3 Bb7 17. Bxb7 Rxb7 18. g4 Qb8 19. gxh5 Rc8 20. Qa3 Nb6 21. hxg6 Nc4 22. Qd3 {0-1 Dudova,V (1035)-Kovarikova,M (1840) SVK-ch U14 Girls 2021 (7)}) ({RR} 7... a6 8. Bh6 e5 9. Bxg7 Kxg7 10. Nge2 b5 11. g4 b4 12. Nd5 Nxd5 13. exd5 Nxd4 14. Nxd4 exd4 15. Qxd4+ Qf6 16. Qxb4 Qxf3 17. Bd3 Qxg4 18. Qc3+ Kg8 19. Rdf1 Qg5+ 20. Kb1 Qxd5 21. Bc4 Qe5 22. Qd3 {0-1 Citra,D (2238)-Mujumdar,S (2028) Titled Tuesday intern op 26th May blitz 2020 (2)}) 8. Bh6 Bh8 9. h4 Nh5 10. Nge2 e5 11. g4 exd4 12. gxh5 dxc3 13. bxc3 Ne5 14. hxg6 fxg6 15. Nf4 Bg7 16. Qd5+ Kh8 17. Bg5 Bf6 18. Kb1 Bxg5 19. hxg5 Qxg5 20. Nh3 Bxh3 21. Bxh3 Qe3 22. Bg4 Kg7 23. Rh3 Rh8 24. Rf1 Rae8 25. f4 Qb6+ 26. Kc1 Nxg4 27. f5 Qc5 28. Qd2 Rxe4 29. fxg6 hxg6 30. Rhf3 Ne5 31. Rg3 Rf8 32. Rxf8 Kxf8 33. Qh6+ Ke7 34. Qg7+ Ke6 35. Qg8+ Kd7 36. Qh7+ Kc6 37. Qh1 Qd5 38. Rg1 Ra4 39. Qxd5+ Kxd5 0-1